00531nam a2200193 a 4500001001300000003000900013005001700022008004100039020001000080082001500090100002400105245007500129260004400204300000900248500003500257505001000292650001100302700002400313nice12345678IN_TiNIC20260116013730.0050524s1998 lona grp 000 0 eng  ac59500a297.4bLIE aLiebeskind, Claudia aPeity on Its Knees; Thre Sufi Traditions in South Asia in Modern Times aLondan bOxford University Press c1998 a340p aincludes index and biblioraphy2 aIndex aSufism1 aLiebeskind, Claudia